[Event "GER-ch Net blitz qual1"]
[Site "Playchess.com INT"]
[Date "2020.03.07"]
[Round "1"]
[White "Lantzsch, Christian"]
[Black "Reich, Jason"]
[Result "0-1"]
[WhiteElo "2178"]
[BlackElo "1529"]
[PlyCount "70"]
[EventDate "2020.03.07"]
[EventType "swiss (blitz)"]
[EventRounds "9"]
[EventCountry "GER"]
[SourceTitle "CBM 195 Extra"]
[Source "ChessBase"]
[SourceDate "2020.05.31"]
[SourceVersion "1"]
[SourceVersionDate "2020.05.31"]
[SourceQuality "1"]

1. d4 Nf6 2. Bg5 e6 3. e4 Be7 4. Nd2 h6 5. Bxf6 Bxf6 6. c3 d5 7. e5 Be7 8. f4 c5 9. Ngf3 Nc6 10. a3 cxd4 11. cxd4 Qb6 12. Qb3 Nxd4 13. Qxb6 Nxf3+ 14. Nxf3 axb6 15. Bd3 Bd7 16. Kd2 0-0 17. Rhc1 Rfc8 18. h4 f6 19. g3 Bc6 20. Rc2 Ba4 21. Rxc8+ Rxc8 22. Re1 f5 23. Nd4 Kf7 24. b4 Bd7 25. h5 Ra8 26. Nc2 Ba4 27. Nd4 Bc6 28. Nc2 g6 29. Kc3 gxh5 30. Be2 h4 31. gxh4 Bxh4 32. Rh1 d4+ 33. Kxd4 Bxh1 34. Bh5+ Ke7 35. Kc3 Bg3 0-1